<?xml version="1.0" encoding="UTF-8"?>
<record
    xmlns:xsi="http://www.w3.org/2001/XMLSchema-instance"
    xsi:schemaLocation="http://www.loc.gov/MARC21/slim http://www.loc.gov/standards/marcxml/schema/MARC21slim.xsd"
    xmlns="http://www.loc.gov/MARC21/slim">

  <leader>00963cam a22002414a 4500</leader>
  <controlfield tag="001">ne 65002308 </controlfield>
  <controlfield tag="003">DLC</controlfield>
  <controlfield tag="005">20260227111818.0</controlfield>
  <controlfield tag="008">890904s1965    ua a         i000 0 ara  </controlfield>
  <datafield tag="010" ind1=" " ind2=" ">
    <subfield code="a">ne 65002308 </subfield>
  </datafield>
  <datafield tag="035" ind1=" " ind2=" ">
    <subfield code="a">(OCoLC)23510422</subfield>
  </datafield>
  <datafield tag="040" ind1=" " ind2=" ">
    <subfield code="a">DLC</subfield>
    <subfield code="c">DLC</subfield>
  </datafield>
  <datafield tag="050" ind1="0" ind2="0">
    <subfield code="a">DS36.2</subfield>
    <subfield code="b">.J352 1965</subfield>
  </datafield>
  <datafield tag="066" ind1=" " ind2=" ">
    <subfield code="c">(3</subfield>
  </datafield>
  <datafield tag="245" ind1="1" ind2="0">
    <subfield code="6">880-01</subfield>
    <subfield code="a">J&#x101;mi&#x2BB;at al-Duwal al-&#x2BB;Arab&#x12B;yah f&#x12B; &#x2BB;&#x101;mih&#x101; al-&#x2BB;ishr&#x12B;n.</subfield>
  </datafield>
  <datafield tag="260" ind1=" " ind2=" ">
    <subfield code="6">880-02</subfield>
    <subfield code="a">al-Q&#x101;hirah :</subfield>
    <subfield code="b">Id&#x101;rat al-I&#x2BB;l&#x101;m bi-al-Am&#x101;nah al-&#x2BB;&#x100;mmah bi-J&#x101;mi&#x2BB;at al-Duwal al-&#x2BB;Arab&#x12B;yah,</subfield>
    <subfield code="c">1965.</subfield>
  </datafield>
  <datafield tag="300" ind1=" " ind2=" ">
    <subfield code="a">88 p. :</subfield>
    <subfield code="b">ill. ;</subfield>
    <subfield code="c">21 cm.</subfield>
  </datafield>
  <datafield tag="500" ind1=" " ind2=" ">
    <subfield code="a">Cover title.</subfield>
  </datafield>
  <datafield tag="610" ind1="2" ind2="0">
    <subfield code="a">League of Arab States.</subfield>
  </datafield>
  <datafield tag="710" ind1="2" ind2=" ">
    <subfield code="a">League of Arab States.</subfield>
    <subfield code="b">Press and Information Department.</subfield>
  </datafield>
  <datafield tag="880" ind1="1" ind2="0">
    <subfield code="6">245-01/(3/r</subfield>
    <subfield code="a">&#x62C;&#x627;&#x645;&#x639;&#x629; &#x627;&#x644;&#x62F;&#x648;&#x644; &#x627;&#x644;&#x639;&#x631;&#x628;&#x64A;&#x629; &#x641;&#x64A; &#x639;&#x627;&#x645;&#x647;&#x627; &#x627;&#x644;&#x639;&#x634;&#x631;&#x64A;&#x646;.</subfield>
  </datafield>
  <datafield tag="880" ind1=" " ind2=" ">
    <subfield code="6">260-02/(3/r</subfield>
    <subfield code="a">&#x627;&#x644;&#x642;&#x627;&#x647;&#x631;&#x629; :</subfield>
    <subfield code="b">&#x627;&#x62F;&#x627;&#x631;&#x629; &#x627;&#x644;&#x627;&#x639;&#x644;&#x627;&#x645; &#x628;&#x627;&#x644;&#x627;&#x645;&#x627;&#x646;&#x629; &#x627;&#x644;&#x639;&#x627;&#x645;&#x629; &#x628;&#x62C;&#x627;&#x645;&#x639;&#x629; &#x627;&#x644;&#x62F;&#x648;&#x644; &#x627;&#x644;&#x639;&#x631;&#x628;&#x64A;&#x629;,</subfield>
    <subfield code="c">1965.</subfield>
  </datafield>
  <datafield tag="999" ind1=" " ind2=" ">
    <subfield code="c">48478</subfield>
    <subfield code="d">48478</subfield>
  </datafield>
</record>
